000 00253nam a2200109Ia 4500
008 220204s9999 xx 000 0 und d
082 _a82-3
_bLEA;2
100 _aLear, Peter
245 0 _aGoldengirl
260 _aNew York
_bBallantine
_c1977
942 _cBK
999 _c35120
_d35120